000 00420nam a22001697a 4500
999 _c2453
_d2452
005 20210906113943.0
008 160613b xxu||||| |||| 00| 0 eng d
020 _a978-0-140-12049-3
041 _aeng
082 _b7027
100 _aTharoor, Sashi
_91742
245 _aThe Great Indian Novel
260 _aNew Delhi
_bPenguin Books India (p) Ltd.
_c1989
300 _a418
650 _aManagement
_9241
942 _cBK